000 00453nam a2200193Ia 4500
005 20250603144717.0
008 250603s9999 xx 000 0 und d
020 _a9781405874298
050 _aKM 31 .T2/
100 _aTaylor, Chris
245 0 _aConstitutional and administrative law
250 _a2nd ed.
260 _aHarlow
260 _bPearson Education Limited
260 _c2009
300 _a143 p
650 _aHarlow
942 _cBK
999 _c39724
_d39724